[Event "Groningen Festival 2018"]
[Site "Groningen"]
[Date "2018.12.26"]
[Round "5"]
[White "Hovsepyan, Vardan"]
[Black "Zwirs, Nico"]
[Result "1-0"]
[WhiteElo "2264"]
[BlackElo "2414"]
[Annotator "NA"]
[PlyCount "81"]
[EventDate "2018.12.22"]
[EventType "swiss"]
[EventCountry "NED"]
[SourceTitle "playchess.com"]
[Source "ChessBase"]
[SourceQuality "1"]
[TimeControl "40/5400+30:1800+30"]

1. e4 {[%emt 0:00:00]} c5 {[%emt 0:00:00]} 2. Nf3 {[%emt 0:00:02]} d6 {[%emt 0:00:00]} 3. d4 {[%emt 0:00:16]} cxd4 {[%emt 0:00:00]} 4. Nxd4 {[%emt 0:00:06]} Nf6 {[%emt 0:00:00]} 5. Nc3 {[%emt 0:00:12]} a6 {[%emt 0:00:00]} 6. Bc4 {[%emt 0:00:24]} e6 {[%emt 0:00:00]} 7. Bb3 {[%emt 0:00:08]} Nbd7 {[%emt 0:00:03]} 8. O-O {[%emt 0:00:11]} Nc5 {[%emt 0:00:29]} 9. Re1 {[%emt 0:00:46]} Be7 {[%emt 0:03:09]} 10. Qf3 {[%emt 0:06:14]} O-O {[%emt 0:00:31]} 11. Bg5 {[%emt 0:05:35]} Qc7 {[%emt 0:03:29]} 12. Qg3 {[%emt 0:08:47]} Kh8 {[%emt 0:01:02]} 13. a4 {[%emt 0:07:33]} h6 {[%emt 0:01:54]} 14. Qh3 {[%emt 0:04:15]} Nxb3 {[%emt 0:11:29]} 15. Nxb3 {[%emt 0:05:06]} e5 {[%emt 0:00:26]} 16. Qh4 {[%emt 0:00:57]} Be6 {[%emt 0:00:10]} 17. Rad1 {[%emt 0:04:27]} b5 {[%emt 0:09:26]} 18. axb5 {[%emt 0:03:43]} axb5 {[%emt 0:00:14]} 19. Nxb5 {[%emt 0:03:52]} Qxc2 {[%emt 0:02:10]} 20. Na1 {[%emt 0:02:03]} Qc6 {[%emt 0:06:01]} 21. Nxd6 {[%emt 0:01:45]} Kg8 {[%emt 0:10:04]} 22. Bxh6 {[%emt 0:05:03]} gxh6 {[%emt 0:10:12]} 23. Qxh6 {[%emt 0:01:12]} Rxa1 {[%emt 0:14:30]} 24. Qg5+ {[%emt 0:03:38]} Kh8 {[%emt 0:00:23]} 25. Qh6+ {[%emt 0:00:49]} Nh7 {[%emt 0:01:41]} 26. Nf5 {[%emt 0:00:17]} Rg8 {[%emt 0:08:02]} 27. Rxa1 {[%emt 0:00:09]} Bb4 {[%emt 0:04:18]} 28. Re3 {[%emt 0:05:45]} Rg6 {[%emt 0:08:44]} 29. Qh5 {[%emt 0:04:35]} Rg5 {[%emt 0:00:24]} 30. Qh3 {[%emt 0:01:48]} Bc5 {[%emt 0:04:29]} 31. Rg3 {[%emt 0:01:13]} Bxf2+ {[%emt 0:00:55]} 32. Kxf2 {[%emt 0:01:50]} Qb6+ {[%emt 0:00:00]} 33. Kf1 {[%emt 0:00:35]} Rxf5+ {[%emt 0:01:21]} 34. exf5 {[%emt 0:00:42]} Bc4+ {[%emt 0:00:00]} 35. Rd3 {[%emt 0:01:17]} Qd8 {[%emt 0:00:01]} 36. Kg1 {[%emt 0:07:13]} Bxd3 {[%emt 0:00:03]} 37. Qe3 {[%emt 0:01:21]} Qd5 {[%emt 0:01:25]} 38. Re1 {[%emt 0:04:26]} e4 {[%emt 0:00:40]} 39. g4 {[%emt 0:00:46]} Qe5 {[%emt 0:00:41]} 40. Qxd3 {[%emt 0:01:14]} Ng5 {[%emt 0:00:02]} 41. Qd8+ {[%emt 0:30:22]} 1-0

[Event "Groningen Festival 2018"]
[Site "Groningen"]
[Date "2018.12.26"]
[Round "5"]
[White "Baum, Bernd"]
[Black "Cerveny, Martin"]
[Result "1-0"]
[WhiteElo "2252"]
[BlackElo "2347"]
[Annotator "NA"]
[PlyCount "161"]
[EventDate "2018.12.22"]
[EventType "swiss"]
[EventCountry "NED"]
[SourceTitle "playchess.com"]
[Source "ChessBase"]
[SourceQuality "1"]
[TimeControl "40/5400+30:1800+30"]

1. Nf3 {[%emt 0:00:00]} Nf6 {[%emt 0:00:00]} 2. g3 {[%emt 0:00:00]} g6 {[%emt 0:00:13]} 3. d4 {[%emt 0:00:22]} d6 {[%emt 0:00:18]} 4. Bg2 {[%emt 0:00:05]} Bg7 {[%emt 0:00:05]} 5. O-O {[%emt 0:00:06]} O-O {[%emt 0:00:04]} 6. b3 {[%emt 0:01:22]} a5 {[%emt 0:00:25]} 7. a4 {[%emt 0:03:02]} c5 {[%emt 0:01:57]} 8. Bb2 {[%emt 0:00:07]} Nc6 {[%emt 0:02:11]} 9. Nbd2 {[%emt 0:06:20]} Bf5 {[%emt 0:08:26]} 10. dxc5 {[%emt 0:22:20]} dxc5 {[%emt 0:00:07]} 11. Re1 {[%emt 0:01:02]} Ne4 {[%emt 0:13:18]} 12. Bxg7 Kxg7 {[%emt 0:00:13]} 13. Nxe4 {[%emt 0:04:06]} Bxe4 {[%emt 0:00:07]} 14. Nd2 {[%emt 0:03:17]} Bxg2 {[%emt 0:00:59]} 15. Kxg2 {[%emt 0:00:01]} Qc7 {[%emt 0:03:19]} 16. Nc4 {[%emt 0:03:33]} Rad8 {[%emt 0:00:32]} 17. Qc1 {[%emt 0:01:59]} f6 {[%emt 0:01:05]} 18. Rd1 {[%emt 0:05:45]} h5 {[%emt 0:03:05]} 19. c3 {[%emt 0:11:02]} Rxd1 {[%emt 0:00:43]} 20. Qxd1 {[%emt 0:00:01]} Rd8 {[%emt 0:00:13]} 21. Qc2 {[%emt 0:00:45]} Qd7 {[%emt 0:02:25]} 22. h4 {[%emt 0:05:00]} Qd5+ {[%emt 0:05:03]} 23. f3 {[%emt 0:01:17]} f5 {[%emt 0:06:28]} 24. Ra2 {[%emt 0:02:54]} Qe6 {[%emt 0:02:21]} 25. Qc1 {[%emt 0:01:33]} Rd5 {[%emt 0:07:33]} 26. Rd2 {[%emt 0:02:42]} Ne5 {[%emt 0:02:36]} 27. Rxd5 {[%emt 0:02:13]} Qxd5 {[%emt 0:00:05]} 28. Nxe5 {[%emt 0:00:55]} Qxe5 {[%emt 0:00:02]} 29. Kf2 {[%emt 0:00:23]} Qd5 {[%emt 0:04:26]} 30. Qe3 {[%emt 0:07:54]} Kf7 {[%emt 0:05:57]} 31. Qh6 {[%emt 0:03:21]} Qd6 {[%emt 0:00:52]} 32. Qh7+ {[%emt 0:01:03]} Ke8 {[%emt 0:00:11]} 33. Qg8+ {[%emt 0:01:08]} Kd7 {[%emt 0:00:06]} 34. Qc4 {[%emt 0:00:39]} b6 {[%emt 0:01:46]} 35. Qb5+ {[%emt 0:01:30]} Kc7 {[%emt 0:01:50]} 36. Qd3 {[%emt 0:01:38]} Qe6 {[%emt 0:00:49]} 37. Qe3 {[%emt 0:00:31]} Qd6 {[%emt 0:00:57]} 38. Qd3 {[%emt 0:00:10]} Qf6 {[%emt 0:00:05]} 39. Qe3 {[%emt 0:02:48]} e5 {[%emt 0:00:15]} 40. Qd2 {[%emt 0:03:43]} f4 {[%emt 0:00:08]} 41. Qd5 {[%emt 0:07:34]} fxg3+ {[%emt 0:03:20]} 42. Kxg3 {[%emt 0:00:03]} g5 {[%emt 0:00:14]} 43. Qa8 {[%emt 0:07:52]} gxh4+ {[%emt 0:05:33]} 44. Kh3 {[%emt 0:00:16]} Kd7 {[%emt 0:08:22]} 45. Qd5+ {[%emt 0:04:52]} Ke8 {[%emt 0:00:38]} 46. Qg8+ {[%emt 0:01:28]} Ke7 {[%emt 0:00:06]} 47. Qh7+ {[%emt 0:01:12]} Kd6 {[%emt 0:00:21]} 48. Qb7 {[%emt 0:04:57]} Qe6+ {[%emt 0:02:12]} 49. Kxh4 {[%emt 0:00:35]} Qxb3 {[%emt 0:00:05]} 50. Qb8+ {[%emt 0:00:36]} Kd7 {[%emt 0:00:08]} 51. Qb7+ {[%emt 0:00:22]} Kd8 {[%emt 0:04:31]} 52. Qb8+ {[%emt 0:00:17]} Ke7 {[%emt 0:00:09]} 53. Qxe5+ {[%emt 0:02:20]} Qe6 {[%emt 0:00:20]} 54. Qc7+ {[%emt 0:01:13]} Ke8 {[%emt 0:00:54]} 55. Qb8+ {[%emt 0:02:51]} Kf7 {[%emt 0:02:32]} 56. Kxh5 {[%emt 0:00:47]} Qd5+ {[%emt 0:08:02]} 57. Kg4 {[%emt 0:00:27]} Qd7+ {[%emt 0:00:07]} 58. Kg3 {[%emt 0:01:01]} Qxa4 {[%emt 0:00:31]} 59. Qc7+ {[%emt 0:01:00]} Ke8 {[%emt 0:03:43]} 60. Qxb6 {[%emt 0:00:36]} c4 {[%emt 0:02:53]} 61. e4 {[%emt 0:00:12]} Qa2 {[%emt 0:01:45]} 62. Qe6+ {[%emt 0:00:50]} Kd8 {[%emt 0:00:09]} 63. Qd6+ {[%emt 0:00:53]} Ke8 {[%emt 0:00:05]} 64. Qb8+ {[%emt 0:01:07]} Ke7 {[%emt 0:00:06]} 65. e5 {[%emt 0:00:27]} Qd2 {[%emt 0:00:54]} 66. Qc7+ {[%emt 0:00:36]} Ke6 {[%emt 0:01:19]} 67. Qxc4+ {[%emt 0:00:25]} Qd5 {[%emt 0:00:13]} 68. Qa6+ {[%emt 0:01:13]} Kxe5 {[%emt 0:00:14]} 69. c4 {[%emt 0:01:02]} Qc5 {[%emt 0:01:04]} 70. f4+ {[%emt 0:00:47]} Ke4 {[%emt 0:01:29]} 71. Qe6+ {[%emt 0:00:02]} Kd4 {[%emt 0:00:06]} 72. f5 {[%emt 0:00:16]} Qe5+ {[%emt 0:01:30]} 73. Kg4 {[%emt 0:00:40]} a4 {[%emt 0:00:08]} 74. Qd7+ {[%emt 0:00:35]} Ke4 {[%emt 0:01:07]} 75. Qc6+ {[%emt 0:00:01]} Ke3 {[%emt 0:00:25]} 76. Qf3+ {[%emt 0:00:05]} Kd4 {[%emt 0:00:11]} 77. f6 {[%emt 0:00:18]} Qe6+ {[%emt 0:02:41]} 78. Kg3 {[%emt 0:01:20]} a3 {[%emt 0:02:16]} 79. f7 {[%emt 0:00:32]} Kxc4 {[%emt 0:08:08]} 80. f8=Q {[%emt 0:00:21]} a2 {[%emt 0:02:18]} 81. Q8f4+ {[%emt 0:00:24] Kd5 [%clk 0:00:00]} 1-0

[Event "Groningen Festival 2018"]
[Site "Groningen"]
[Date "2018.12.26"]
[Round "5"]
[White "Simet, Martin"]
[Black "Grooten, Herman"]
[Result "0-1"]
[WhiteElo "2229"]
[BlackElo "2374"]
[Annotator "NA"]
[PlyCount "64"]
[EventDate "2018.12.22"]
[EventType "swiss"]
[EventCountry "NED"]
[SourceTitle "playchess.com"]
[Source "ChessBase"]
[SourceQuality "1"]
[TimeControl "40/5400+30:1800+30"]

1. d4 {[%emt 0:00:00]} Nf6 {[%emt 0:00:00]} 2. Bf4 {[%emt 0:00:00]} d6 {[%emt 0:00:49]} 3. e3 {[%emt 0:00:01]} Nbd7 {[%emt 0:00:13]} 4. Nf3 {[%emt 0:00:08]} g6 {[%emt 0:00:22]} 5. h3 {[%emt 0:00:15]} Bg7 {[%emt 0:00:08]} 6. c3 {[%emt 0:00:04]} O-O {[%emt 0:01:32]} 7. Be2 {[%emt 0:00:05]} Qe8 {[%emt 0:02:13]} 8. Bh2 {[%emt 0:00:46]} e5 {[%emt 0:00:28]} 9. O-O {[%emt 0:00:15]} Qe7 {[%emt 0:00:37]} 10. a4 {[%emt 0:03:35]} Re8 {[%emt 0:01:38]} 11. Re1 {[%emt 0:01:18]} e4 {[%emt 0:06:12]} 12. Nfd2 {[%emt 0:00:08]} h5 {[%emt 0:00:34]} 13. Bf1 {[%emt 0:03:48]} Nf8 {[%emt 0:00:23]} 14. c4 {[%emt 0:00:22]} Bf5 {[%emt 0:06:21]} 15. Qb3 {[%emt 0:01:25]} a5 {[%emt 0:10:08]} 16. Nc3 {[%emt 0:01:34]} c6 {[%emt 0:02:55]} 17. Qa3 {[%emt 0:00:43]} Rad8 {[%emt 0:03:32]} 18. Rab1 {[%emt 0:04:07]} g5 {[%emt 0:02:10]} 19. b4 {[%emt 0:00:36]} axb4 {[%emt 0:00:46]} 20. Rxb4 {[%emt 0:00:13]} Ng6 {[%emt 0:05:48]} 21. Reb1 {[%emt 0:05:16]} Bc8 {[%emt 0:00:40]} 22. a5 {[%emt 0:02:02]} g4 {[%emt 0:03:38]} 23. hxg4 {[%emt 0:00:25]} Nxg4 {[%emt 0:01:30]} 24. Be2 {[%emt 0:09:44]} Nxh2 {[%emt 0:03:09]} 25. Kxh2 {[%emt 0:00:05]} c5 {[%emt 0:02:19]} 26. Rb5 {[%emt 0:01:00]} cxd4 {[%emt 0:01:44]} 27. Ncxe4 {[%emt 0:04:49]} f5 {[%emt 0:07:49]} 28. Ng3 {[%emt 0:07:35]} Qh4+ {[%emt 0:05:40]} 29. Kg1 {[%emt 0:00:29]} dxe3 {[%emt 0:00:22]} 30. Ndf1 {[%emt 0:07:36]} exf2+ {[%emt 0:01:51]} 31. Kxf2 {[%emt 0:00:05]} f4 {[%emt 0:01:57]} 32. Rxh5 {[%emt 0:02:58]} fxg3+ {[%emt 0:01:23]} 0-1

[Event "Groningen Festival 2018"]
[Site "Groningen"]
[Date "2018.12.27"]
[Round "6"]
[White "Tiviakov, Sergei"]
[Black "Kislinsky, Alexey"]
[Result "1-0"]
[WhiteElo "2613"]
[BlackElo "2425"]
[Annotator "RC"]
[PlyCount "73"]
[EventDate "2018.12.22"]
[EventType "swiss"]
[EventCountry "NED"]
[SourceTitle "playchess.com"]
[Source "ChessBase"]
[SourceQuality "1"]
[TimeControl "40/5400+30:1800+30"]

1. e4 {[%emt 0:00:00]} c5 {[%emt 0:00:00]} 2. Nf3 {[%emt 0:00:00]} d6 {[%emt 0:00:45]} 3. Bb5+ {[%emt 0:00:00]} Nc6 {[%emt 0:00:16]} 4. O-O {[%emt 0:00:00]} Bd7 {[%emt 0:00:17]} 5. Re1 {[%emt 0:00:00]} Nf6 {[%emt 0:00:22]} 6. c3 {[%emt 0:00:05]} a6 {[%emt 0:00:05]} 7. Ba4 {[%emt 0:00:56]} b5 {[%emt 0:02:05]} 8. Bc2 {[%emt 0:00:05]} Bg4 {[%emt 0:00:58]} 9. h3 {[%emt 0:00:43]} Bxf3 {[%emt 0:00:41]} 10. Qxf3 {[%emt 0:00:05]} g6 {[%emt 0:02:08]} 11. d3 {[%emt 0:00:43]} Bg7 {[%emt 0:00:17]} 12. Be3 {[%emt 0:01:30]} Nd7 {[%emt 0:04:01]} 13. a3 {[%emt 0:02:17]} O-O {[%emt 0:01:05]} 14. Nd2 {[%emt 0:00:06]} Nb6 {[%emt 0:01:03]} 15. Qe2 {[%emt 0:07:05]} a5 {[%emt 0:05:56]} 16. Nf3 {[%emt 0:01:35]} a4 {[%emt 0:02:24]} 17. e5 {[%emt 0:07:21]} Nd5 {[%emt 0:06:22]} 18. exd6 {[%emt 0:00:35]} Qxd6 {[%emt 0:03:23]} 19. Ng5 {[%emt 0:22:22]} f5 {[%emt 0:05:55]} 20. Rad1 {[%emt 0:03:51]} Nxe3 {[%emt 0:02:07]} 21. fxe3 {[%emt 0:03:35]} h6 {[%emt 0:10:15]} 22. Nf3 {[%emt 0:00:25]} e5 {[%emt 0:02:47]} 23. e4 {[%emt 0:01:16]} f4 {[%emt 0:06:51]} 24. d4 {[%emt 0:02:07]} c4 {[%emt 0:02:22]} 25. dxe5 {[%emt 0:01:01]} Qc5+ {[%emt 0:10:00]} 26. Kh1 {[%emt 0:07:29]} Ne7 {[%emt 0:09:46]} 27. Rd5 {[%emt 0:07:08]} Nxd5 {[%emt 0:05:50]} 28. exd5 {[%emt 0:00:03]} Qxd5 {[%emt 0:00:37]} 29. Be4 {[%emt 0:01:08]} Qd8 {[%emt 0:01:39]} 30. Rd1 {[%emt 0:01:21]} Qe8 {[%emt 0:00:42]} 31. Bxa8 {[%emt 0:00:10]} Qxa8 {[%emt 0:00:03]} 32. Rd6 {[%emt 0:00:14]} g5 {[%emt 0:01:08]} 33. e6 {[%emt 0:00:40]} Re8 {[%emt 0:00:54]} 34. e7 {[%emt 0:12:24]} Qc8 {[%emt 0:00:10]} 35. Qe4 {[%emt 0:00:30]} Qc7 {[%emt 0:04:31]} 36. Qe6+ {[%emt 0:00:13]} Kh7 {[%emt 0:00:25]} 37. Qg6+ {[%emt 0:00:08]} 1-0

[Event "Groningen Festival 2018"]
[Site "Groningen"]
[Date "2018.12.27"]
[Round "6"]
[White "Ernst, Sipke"]
[Black "Ladva, Ottomar"]
[Result "1/2-1/2"]
[WhiteElo "2539"]
[BlackElo "2497"]
[Annotator "ChessBase"]
[PlyCount "75"]
[EventDate "2018.12.22"]
[EventType "swiss"]
[EventCountry "NED"]
[SourceTitle "playchess.com"]
[Source "ChessBase"]
[SourceQuality "1"]
[TimeControl "40/5400+30:1800+30"]

1. e4 {[%emt 0:00:00]} e5 {[%emt 0:00:00]} 2. Nf3 {[%emt 0:00:00]} Nf6 {[%emt 0:00:00]} 3. Nxe5 {[%emt 0:00:00]} d6 {[%emt 0:00:00]} 4. Nf3 {[%emt 0:00:02]} Nxe4 {[%emt 0:00:00]} 5. Bd3 {[%emt 0:00:02]} Nf6 {[%emt 0:00:19]} 6. h3 {[%emt 0:08:48]} Be7 {[%emt 0:04:40]} 7. c3 {[%emt 0:03:43]} O-O {[%emt 0:00:32]} 8. Bc2 {[%emt 0:00:12]} d5 {[%emt 0:01:50]} 9. O-O {[%emt 0:02:36]} Re8 {[%emt 0:01:54]} 10. d4 {[%emt 0:04:04]} Bd6 {[%emt 0:00:54]} 11. Nbd2 {[%emt 0:08:36]} Nbd7 {[%emt 0:13:01]} 12. Re1 {[%emt 0:07:06]} c6 {[%emt 0:01:26]} 13. Re2 {[%emt 0:05:55]} h6 {[%emt 0:12:26]} 14. Qe1 {[%emt 0:03:09]} Rxe2 {[%emt 0:00:26]} 15. Qxe2 {[%emt 0:00:05]} Qe7 {[%emt 0:01:26]} 16. Qxe7 {[%emt 0:00:42]} Bxe7 {[%emt 0:00:02]} 17. Nf1 {[%emt 0:00:22]} Bd6 {[%emt 0:07:28]} 18. Ne3 {[%emt 0:02:49]} g6 {[%emt 0:05:41]} 19. c4 {[%emt 0:03:14]} Kg7 {[%emt 0:04:08]} 20. Bd2 {[%emt 0:03:24]} dxc4 {[%emt 0:06:09]} 21. Nxc4 {[%emt 0:00:07]} Bc7 {[%emt 0:00:37]} 22. Re1 {[%emt 0:06:54]} Nd5 {[%emt 0:02:54]} 23. g4 {[%emt 0:06:37]} N7f6 {[%emt 0:01:17]} 24. Nfe5 {[%emt 0:05:39]} g5 {[%emt 0:03:08]} 25. b4 {[%emt 0:04:18]} Be6 {[%emt 0:02:36]} 26. Na5 {[%emt 0:00:15]} Rb8 {[%emt 0:03:48]} 27. a3 {[%emt 0:04:00]} Bb6 {[%emt 0:02:18]} 28. Nb3 {[%emt 0:00:24]} Nc7 {[%emt 0:02:29]} 29. Nc5 {[%emt 0:08:31]} Nb5 {[%emt 0:01:02]} 30. Nxe6+ {[%emt 0:02:30]} fxe6 {[%emt 0:00:01]} 31. Nf3 {[%emt 0:02:01]} Re8 {[%emt 0:01:52]} 32. Bb3 {[%emt 0:02:56]} Nd5 {[%emt 0:01:03]} 33. Bc1 {[%emt 0:01:30]} Rf8 {[%emt 0:02:59]} 34. Kg2 {[%emt 0:00:35]} Nf4+ {[%emt 0:10:03]} 35. Bxf4 {[%emt 0:01:01]} Rxf4 {[%emt 0:00:02]} 36. Bxe6 {[%emt 0:01:19]} Nxd4 {[%emt 0:01:45]} 37. Nxd4 {[%emt 0:00:08]} Bxd4 {[%emt 0:00:05]} 38. Re2 {[%emt 0:00:17]} 1/2-1/2

[Event "Groningen Festival 2018"]
[Site "Groningen"]
[Date "2018.12.27"]
[Round "6"]
[White "Pruijssers, Roeland"]
[Black "Lahaye, Rick"]
[Result "1-0"]
[WhiteElo "2520"]
[BlackElo "2404"]
[Annotator "ChessBase"]
[PlyCount "89"]
[EventDate "2018.12.22"]
[EventType "swiss"]
[EventCountry "NED"]
[SourceTitle "playchess.com"]
[Source "ChessBase"]
[SourceQuality "1"]
[TimeControl "40/5400+30:1800+30"]

1. e4 {[%emt 0:00:00]} c5 {[%emt 0:00:00]} 2. Nf3 {[%emt 0:00:00]} d6 {[%emt 0:00:07]} 3. Bb5+ {[%emt 0:00:07]} Nd7 {[%emt 0:00:26]} 4. O-O {[%emt 0:01:50]} Ngf6 {[%emt 0:00:10]} 5. Re1 {[%emt 0:00:38]} a6 {[%emt 0:00:10]} 6. Bf1 {[%emt 0:00:22]} b6 {[%emt 0:00:10]} 7. d4 {[%emt 0:01:39]} cxd4 {[%emt 0:00:38]} 8. Nxd4 {[%emt 0:00:23]} Bb7 {[%emt 0:01:39]} 9. f3 {[%emt 0:00:10]} e6 {[%emt 0:00:47]} 10. c4 {[%emt 0:00:07]} Be7 {[%emt 0:00:33]} 11. Nc3 {[%emt 0:05:45]} Rc8 {[%emt 0:01:25]} 12. Be3 {[%emt 0:04:29]} O-O {[%emt 0:03:16]} 13. Rc1 {[%emt 0:06:36]} Qc7 {[%emt 0:02:26]} 14. a3 {[%emt 0:09:08]} Qb8 {[%emt 0:04:04]} 15. b4 {[%emt 0:00:25]} Bd8 {[%emt 0:00:10]} 16. Kh1 {[%emt 0:04:57]} Kh8 {[%emt 0:04:28]} 17. Qd2 {[%emt 0:04:00]} Rg8 {[%emt 0:01:17]} 18. Rc2 {[%emt 0:11:42]} g5 {[%emt 0:15:55]} 19. Bxg5 {[%emt 0:16:03]} Nxe4 {[%emt 0:00:36]} 20. Nxe4 {[%emt 0:00:10]} Bxe4 {[%emt 0:00:07]} 21. Bxd8 {[%emt 0:09:29]} Bxc2 {[%emt 0:00:57]} 22. Be7 {[%emt 0:00:06]} Bg6 {[%emt 0:08:40]} 23. Nxe6 {[%emt 0:00:48]} fxe6 {[%emt 0:04:51]} 24. Rxe6 {[%emt 0:00:25]} Rce8 {[%emt 0:06:38]} 25. c5 {[%emt 0:04:23]} bxc5 {[%emt 0:00:29]} 26. bxc5 {[%emt 0:00:03]} Bf5 {[%emt 0:18:42]} 27. Bxd6 {[%emt 0:02:02]} Bxe6 {[%emt 0:01:34]} 28. Bxb8 {[%emt 0:00:30]} Nxb8 {[%emt 0:01:21]} 29. Qd4+ {[%emt 0:04:07]} Rg7 {[%emt 0:00:21]} 30. h4 {[%emt 0:00:54]} Bc8 {[%emt 0:07:06]} 31. Bc4 {[%emt 0:05:12]} Nc6 {[%emt 0:05:57]} 32. Qf6 {[%emt 0:00:16]} Ne5 {[%emt 0:00:45]} 33. h5 {[%emt 0:01:49]} Nd7 {[%emt 0:02:33]} 34. Qh4 {[%emt 0:05:04]} Rf8 {[%emt 0:04:08]} 35. h6 {[%emt 0:02:10]} Rg6 {[%emt 0:00:28]} 36. Bd3 {[%emt 0:00:07]} Rgf6 {[%emt 0:01:46]} 37. Qd4 {[%emt 0:01:02]} Re8 {[%emt 0:03:08]} 38. Bf5 {[%emt 0:00:52]} Ne5 {[%emt 0:00:33]} 39. Bxc8 {[%emt 0:00:15]} Rxc8 {[%emt 0:00:26]} 40. Qxe5 {[%emt 0:00:07]} Rcf8 {[%emt 0:00:03]} 41. Kg1 {[%emt 0:30:53]} Kg8 {[%emt 0:30:03]} 42. Qd5+ {[%emt 0:00:22]} Kh8 {[%emt 0:00:27]} 43. Qd4 {[%emt 0:00:00]} Kg8 {[%emt 0:00:00]} 44. c6 {[%emt 0:00:00]} R6f7 {[%emt 0:00:00]} 45. Qc4 {[%emt 0:00:00]} 1-0

[Event "Groningen Festival 2018"]
[Site "Groningen"]
[Date "2018.12.27"]
[Round "6"]
[White "Ulybin, Mikhail"]
[Black "Krasenkow, Michal"]
[Result "1/2-1/2"]
[WhiteElo "2482"]
[BlackElo "2630"]
[Annotator "RC"]
[PlyCount "135"]
[EventDate "2018.12.22"]
[EventType "swiss"]
[EventCountry "NED"]
[SourceTitle "playchess.com"]
[Source "ChessBase"]
[SourceQuality "1"]
[TimeControl "40/5400+30:1800+30"]

1. d4 {[%emt 0:00:39]} d5 {[%emt 0:00:00]} 2. c4 {[%emt 0:01:30]} e6 {[%emt 0:00:00]} 3. Nf3 {[%emt 0:01:31]} c6 {[%emt 0:00:00]} 4. Qc2 {[%emt 0:07:47]} Nd7 {[%emt 0:03:31]} 5. g3 {[%emt 0:02:19]} dxc4 {[%emt 0:04:54]} 6. Nbd2 {[%emt 0:08:30]} b5 {[%emt 0:03:12]} 7. b3 {[%emt 0:01:30]} cxb3 {[%emt 0:00:46]} 8. Qxc6 {[%emt 0:06:27]} Rb8 {[%emt 0:00:16]} 9. axb3 {[%emt 0:08:58]} Bb7 {[%emt 0:00:49]} 10. Qc2 {[%emt 0:01:02]} Qb6 {[%emt 0:00:23]} 11. Bg2 {[%emt 0:02:19]} Ngf6 {[%emt 0:01:57]} 12. O-O {[%emt 0:01:22]} Bb4 {[%emt 0:01:54]} 13. Ba3 {[%emt 0:07:39]} Bxa3 {[%emt 0:04:23]} 14. Rxa3 {[%emt 0:00:15]} O-O {[%emt 0:00:23]} 15. b4 {[%emt 0:03:45]} Qd6 {[%emt 0:08:14]} 16. Qb1 {[%emt 0:15:57]} a6 {[%emt 0:14:43]} 17. e4 {[%emt 0:02:12]} Qe7 {[%emt 0:00:49]} 18. e5 {[%emt 0:12:25]} Nd5 {[%emt 0:00:21]} 19. Rb3 {[%emt 0:00:57]} N5b6 {[%emt 0:02:32]} 20. Ne4 {[%emt 0:02:40]} Bxe4 {[%emt 0:03:29]} 21. Qxe4 {[%emt 0:00:10]} Nd5 {[%emt 0:00:13]} 22. Qb1 {[%emt 0:04:25]} N7b6 {[%emt 0:03:48]} 23. Ne1 {[%emt 0:03:25]} Rfc8 {[%emt 0:01:14]} 24. Nd3 {[%emt 0:01:09]} Rc4 {[%emt 0:02:19]} 25. Bxd5 {[%emt 0:02:02]} Nxd5 {[%emt 0:00:19]} 26. Qb2 {[%emt 0:00:34]} Qg5 {[%emt 0:06:16]} 27. Nc5 {[%emt 0:01:06]} Qf5 {[%emt 0:01:34]} 28. Qd2 {[%emt 0:00:48]} Ra8 {[%emt 0:02:17]} 29. Rc1 {[%emt 0:00:30]} h5 {[%emt 0:00:51]} 30. Kg2 {[%emt 0:00:31]} Rxc1 {[%emt 0:03:28]} 31. Qxc1 {[%emt 0:00:04]} a5 {[%emt 0:00:06]} 32. bxa5 {[%emt 0:00:46]} Rxa5 {[%emt 0:00:18]} 33. Qb1 {[%emt 0:00:35]} Qg4 {[%emt 0:04:54]} 34. Ne4 {[%emt 0:00:30]} b4 {[%emt 0:04:47]} 35. f3 {[%emt 0:00:33]} Qf5 {[%emt 0:00:34]} 36. h4 {[%emt 0:00:31]} Ra8 {[%emt 0:02:43]} 37. Qc2 {[%emt 0:00:30]} Ra1 {[%emt 0:05:58]} 38. Kh2 {[%emt 0:00:27]} Ra8 {[%emt 0:07:52]} 39. Kg2 {[%emt 0:00:33]} Qh7 {[%emt 0:03:12]} 40. Kh2 {[%emt 0:00:29]} Kh8 {[%emt 0:00:09]} 41. Rb2 {[%emt 0:15:59]} Qg8 {[%emt 0:01:41]} 42. Nd6 {[%emt 0:03:21]} Ra7 {[%emt 0:05:17]} 43. Qc1 {[%emt 0:01:46]} Qa8 {[%emt 0:09:16]} 44. Qg5 {[%emt 0:09:40]} Kg8 {[%emt 0:01:36]} 45. Qxh5 {[%emt 0:00:44]} Qc6 {[%emt 0:01:51]} 46. Qg5 {[%emt 0:01:15]} Ra8 {[%emt 0:08:50]} 47. Ne4 {[%emt 0:00:36]} Kf8 {[%emt 0:03:52]} 48. h5 {[%emt 0:00:31]} Qc4 {[%emt 0:01:24]} 49. h6 gxh6 {[%emt 0:00:00]} 50. Qxh6+ {[%emt 0:00:58]} Ke7 {[%emt 0:00:01]} 51. Qg5+ {[%emt 0:00:38]} Kd7 {[%emt 0:00:00]} 52. Qg7 {[%emt 0:00:29]} Kc6 {[%emt 0:03:37]} 53. Rd2 {[%emt 0:00:35]} Qc1 {[%emt 0:00:42]} 54. Kh3 {[%emt 0:00:27]} Ne3 {[%emt 0:01:10]} 55. d5+ {[%emt 0:00:18]} Kb6 {[%emt 0:00:23]} 56. Qf6 {[%emt 0:00:28]} Qh1+ {[%emt 0:01:22]} 57. Rh2 {[%emt 0:00:05]} Qf1+ {[%emt 0:00:04]} 58. Kh4 {[%emt 0:00:08]} Nf5+ {[%emt 0:00:11]} 59. Kg4 {[%emt 0:00:21]} Rg8+ {[%emt 0:01:16]} 60. Ng5 {[%emt 0:01:08]} Qg1 {[%emt 0:00:59]} 61. dxe6 {[%emt 0:00:35]} Ne3+ {[%emt 0:00:51]} 62. Kh3 {[%emt 0:00:10]} Rg6 {[%emt 0:00:27]} 63. Qd8+ {[%emt 0:00:49]} Kb5 {[%emt 0:00:17]} 64. Qd3+ {[%emt 0:00:46]} Kb6 {[%emt 0:00:00]} 65. Qd6+ {[%emt 0:00:39]} Kb5 {[%emt 0:00:14]} 66. Qd3+ {[%emt 0:00:20]} Kb6 {[%emt 0:00:04]} 67. Qd6+ {[%emt 0:00:34]} Kb5 {[%emt 0:00:01]} 68. Qd3+ {[%emt 0:00:26]} 1/2-1/2